000 00480nam a2200205Ia 4500
003 0100
008 130303s9999 xx 000 0 und d
040 _cARRUPELIB
050 _aE813.G281970
100 _aGardner, Lloyd C
245 4 _aThe origins of the cold war
260 _aWaltham
260 _bGinn-Blaisdell
260 _C1970
300 _axiii
300 _b 122 p. 21 cm.
440 _athe American forum series
700 _aLloyd C. Gardner
942 0 0 _01
999 _c33896
_d33896